000 00872nas a2200301 4500
001 BR2012003996
003 BR-BrBNA
005 20231205120657.0
007 ta
008 230509b bl.|||p| |||| 00| 00por d
040 _aBR-BrBNA
_bpor
_cBiblioteca Nacional de Agricultura
041 _a(Pt)
072 _aF02
100 1 _aSantiago, G.
100 1 _aReiniger, R.S.
100 1 _aHanauer, J.G.
100 1 _aLopes, S.J.
100 1 _aDeprá, M.S.
245 1 _aVariação somaclonal nos descritores mínimos de tubérculo em batata
650 _aBATATA
650 _aVARIAÇÃO CLONAL
650 _aTUBÉRCULO
650 _aCULTURA DE TECIDO
650 _aVARIAÇÃO GENÉTICA
773 0 _tCiência Rural (Brazil)
_xISSN 0103-8478
_g(Feb 2012), v. 42(2) p. 197-202
_wBR2012003996
909 _a202311
_bLúcia
_c55
_dLúcia Elande
942 _2AGRIS
_n0
_cANA
999 _c219713
_d219713